| 000 | 01616cam a2200361 i 4500 | ||
|---|---|---|---|
| 001 | 3623 | ||
| 003 | FISKH | ||
| 005 | 20240328144315.0 | ||
| 008 | 240328b cb ||||| |||| 00| 0 fre d | ||
| 010 | _a 2014048968 | ||
| 020 | _a9782330053963 | ||
| 040 |
_aDLC _beng _cDLC _erda _dDLC |
||
| 041 | 1 |
_aeng _hara |
|
| 042 | _apcc | ||
| 043 | _af-ua--- | ||
| 050 | 0 | 0 |
_aPJ7814.S93 _bN3313 2015 |
| 082 | 0 | 0 |
_a892.7/37 _223 |
| 100 | 1 |
_aAswānī, ʻAlāʼ, _d1957- |
|
| 240 | 1 | 0 |
_aNādī al-sayyārāt. _lFrench |
| 245 | 1 | 4 |
_aAutomobile Club d'Égypte / _croman traduit de l'arabe par Gilles Gauthier |
| 264 | 1 |
_aNew York : _bAlfred A. Knopf, _c2015. |
|
| 300 |
_a475 pages : _c18 cm. |
||
| 336 |
_atext _btxt _2rdacontent |
||
| 337 |
_aunmediated _bn _2rdamedia |
||
| 338 |
_avolume _bnc _2rdacarrier |
||
| 520 | _aCairo at the very end of Ottoman rule. Behind the doors of the Automobile Club of Egypt, Egyptian staff attend to the every need of Cairo's European elite - the way they always have done, it seems.But soon the social upheaval out on the street will break its way through the club's gilded doors, and its inhabitants above and below stairs must all confront their choices: to live safely without dignity, or to fight for their rights and risk everything. | ||
| 651 | 0 |
_aEgypt _xSocial conditions _vFiction. |
|
| 651 | 0 |
_aEgypt _xPolitics and government _vFiction. |
|
| 700 | 1 |
_aHarris, Russell, _etranslator. |
|
| 906 |
_a7 _bcbc _corignew _d1 _eecip _f20 _gy-gencatlg |
||
| 942 |
_2ddc _cBK _n0 |
||
| 999 |
_c3623 _d3623 |
||